Arte español (Record no. 5299)

MARC details
000 -CABECERA
campo de control de longitud fija 00840nam a2200241 a 4500
001 - NÚMERO DE CONTROL
campo de control BRCA_5605
005 - FECHA Y HORA DE LA ÚLTIMA TRANSACCIÓN
campo de control 20190320205141.0
008 - DATOS DE LONGITUD FIJA--INFORMACIÓN GENERAL
campo de control de longitud fija 210211s1930----sp-a######---#001-0#spa-#
041 ## - CÓDIGO DE LENGUA
Código de lengua del texto/banda sonora o título independiente spa
044 ## - CÓDIGO DEL PAÍS DE LA ENTIDAD EDITORA/PRODUCTORA
Código MARC del país sp
050 #4 - SIGNATURA TOPOGRÁFICA DE LA BIBLIOTECA DEL CONGRESO
Número de clasificación NK9762
Número de documento/Ítem .O73 1930
100 1# - ENTRADA PRINCIPAL--NOMBRE DE PERSONA
Nombre de persona Orduña Viguera, Emilio
9 (RLIN) 14287
245 10 - MENCIÓN DE TÍTULO
Título Arte español
Resto del título la talla ornamental en madera, estudio histórico descriptivo
Mención de responsabilidad, etc. Emilio Orduña Viguera ; ilustrado con dibujos y fotografías del autor.
260 ## - PUBLICACIÓN, DISTRIBUCIÓN, ETC.
Lugar de publicación, distribución, etc. Madrid
Nombre del editor, distribuidor, etc. Ibero-Americana
Fecha de publicación, distribución, etc. c1930
300 ## - DESCRIPCIÓN FÍSICA
Extensión liv, 360 p.
Otras características físicas il., 157 láminas
Dimensiones 27 cm.
500 ## - NOTA GENERAL
Nota general Incluye índice de materias, índice de láminas e índice onomástico
500 ## - NOTA GENERAL
Nota general F83
650 14 - PUNTO DE ACCESO ADICIONAL DE MATERIA--TÉRMINO DE MATERIA
Término de materia o nombre geográfico como elemento de entrada Tallado en madera español
9 (RLIN) 14288
650 14 - PUNTO DE ACCESO ADICIONAL DE MATERIA--TÉRMINO DE MATERIA
Término de materia o nombre geográfico como elemento de entrada Tallado en madera
Subdivisión general Historia
9 (RLIN) 14289
740 0# - PUNTO DE ACCESO ADICIONAL--TÍTULO RELACIONADO O ANALÍTICO NO CONTROLADO
Título relacionado o analítico no controlado Talla ornamental en madera
902 ## - CATALOGADOR
Iniciales GFM
942 ## - ELEMENTOS DE PUNTO DE ACCESO ADICIONAL (KOHA)
Fuente del sistema de clasificación o colocación Library of Congress Classification
Tipo de ítem Koha Libros
Holdings
Estado de retiro Estado de pérdida Estado dañado No para préstamo Localización permanente Ubicación/localización actual Fecha de adquisición Número de inventario Total de préstamos Signatura topográfica completa Código de barras Fecha visto por última vez Precio válido a partir de Tipo de ítem Koha
El ejemplar forma parte de la colección y puede ser consultado según las políticas vigentes.       Biblioteca del Museo Franz Mayer (Rogerio Casas-Alatriste) Biblioteca del Museo Franz Mayer (Rogerio Casas-Alatriste) 14/02/2011 F83   NK9762 .O73 1930 (F83) 6041 22/03/2019 22/03/2019 Libros